Journal of the Ceylon branch of theroyalasiaticsociety 1865-66 : (Record no. 658)
[ view plain ]
| 000 -LEADER | |
|---|---|
| fixed length control field | 00280nam a2200097Ia 4500 |
| 008 - FIXED-LENGTH DATA ELEMENTS--GENERAL INFORMATION | |
| fixed length control field | 240331s9999 xx 000 0 und d |
| 082 ## - DDC Classification | |
| Class No. | 082 |
| Item Number - Author Mark | JOU |
| 100 ## - MAIN ENTRY--PERSONAL NAME | |
| Personal name | Royal asiatic society |
| 245 #0 - TITLE STATEMENT | |
| Title | Journal of the Ceylon branch of theroyalasiaticsociety 1865-66 : |
| Remainder of title | part 1 no 14 |
| 942 ## - Koha item type (Biblio) | |
| Koha item type | Books in Stacks (Lending) |
| Lost status | Damaged status | Collection code | Home library | Current library | Shelving location | Date acquired | Full call number | Accession Number | Item type |
|---|---|---|---|---|---|---|---|---|---|
| Lending | WERC Library | WERC Library | Social Science Cupboard | 03/31/2024 | 082 JOU | 668 | Books in Stacks (Lending) |
